000 00718nam a2200241Ia 4500
008 191130s1989##################000#0#eng##
020 _a0820407089
022 _a88021770
040 _aACL
_cACL
082 _a184 PAL
100 _aPalmer, Michael D
245 _aNames, reference, and correctness in Plato's Cratylus
_cMichael D. Palmer
260 _aBern ; New York
_bPeter Lang
_cc1989
300 _axix, 207 p. ; 23 cm
500 _aIncludes index. Bibliography: p. [173]-204
650 _aLanguage and languages - Philosophy
650 _aNames
650 _aPlato. Cratylus
650 _aReference (Philosophy)
990 _a3a406b13ac10000c02eb093e25400485
991 _a289350
999 _c18372
_d18372